000 00684cab a2200229 4500
001 ABS53424
008 090401t1995 xxu||||| |||| 00| 0 eng d
035 _a(Sirsi) u4080
041 _aeng
100 _aMeen, G.
245 _aIs housing good for the economy?
260 _c1995
350 _a0
490 _aHousing Studies
_v10(3) July 1995, 405-424(11)
520 _aAppraisal of the macro-economic arguments for and against housing expenditure by governments based on a quantatitive policy simulation model.
650 _aGOVERNMENT EXPENDITURE
650 _aHOUSING INVESTMENT
650 _aMACROECONOMICS
690 _aHOUSING
942 _n0
948 _c04/03/1997
999 _c2441
_d2441